000 00595nam a2200193Ia 4500
003 BUBTL
008 151213s9999 xx 000 0 und d
082 _a346.1/ Is41p/ 1994
100 _aPatwari, A. B. M. Mafizul Islam
_91894
245 _aPrinciples of International Humanitarian Law : An Oriental Perspective/
_bA. B. M. Mafizul Islam Patwari
250 _a1st ed.
260 _aDhaka
_bMallika Publishing House
_cc1994.
300 _avii,159 p. :
_c22 cm.
650 _aLaw
650 _a
_95886
856 _k0
_l0
_yDownload
942 _2ddc
_cBK
999 _c2479
_d2479